000 01118nam a22002777a 4500
001 4315
003 FISKH
005 20260423150833.0
008 240717b cb ||||| |||| 00| 0 eng d
020 _a9781407133218
040 _aFISKH
_beng
_cFISKH
_dFISKH
050 _aPZ7
082 _a823.92
100 _aHucklesby, Jill
245 _aLittle lost Hedgehog /
_cBy Jill Hucklesby ; Illustrated by Jon Davis
260 _aLondon :
_bScholastic,
_c2013.
300 _a142 pages :
_billustrations ;
_c20 cm
505 _aQ
520 _aGrace is out in the garden feeding her rabbits when she hears a rustle in the flower bed. What could it be? She sits very still by the kitchen door, peering out into the dark. And then she sees some little paws, two shiny eyes, a twitching nose. It's a tiny hedgehog! But where is his family? This little hedgehog looks lost and hungry. So Grace's mum call the RSPCA.
521 8 _a660
_bLexile
521 8 _aQ
_bRaz-Plus
650 _aAnimal
_vToran
_xRainbow
_yFamily
700 _aDavis, Jon
_eillustrator
942 _2ddc
_cBK
_n0
999 _c4315
_d4315